|
|
|
|
| LEADER |
00000nab a2200000 a 4500 |
| 001 |
vtls000792034 |
| 003 |
SK-MaSNL |
| 005 |
20260303202820.0 |
| 008 |
180205c2002 xo 0 slo |
| 015 |
|
|
|a SNBRB2002/04-14767
|
| 035 |
|
|
|a CLN000143689
|
| 040 |
|
|
|a SNKBUCL
|b slo
|c SNKBUCL
|e AACR2
|
| 041 |
0 |
|
|a slo
|
| 044 |
|
|
|a xo
|c SK
|
| 080 |
|
|
|a 797.25.093.1
|2 UDC-MRF-SK2
|
| 245 |
0 |
0 |
|a Slávia UK zdolala ŠKP aj v Košiciach
|b 1. liga vodných pólistov - 7. kolo
|
| 650 |
0 |
7 |
|a vodné pólo
|2 snkbucl
|9 3219
|
| 655 |
|
7 |
|a články z novín a časopisov
|2 snkbucl
|9 267496
|
| 773 |
0 |
|
|x 0139-7001
|t Šport
|g Roč. 56, č. 93 (22.4.2002), s. 30
|
| 850 |
|
|
|a Slovenská národná knižnica v Martine
|
| 852 |
|
|
|a SNK
|b KIS3GCP
|
| 958 |
|
|
|a RBX
|
| 999 |
|
|
|c 2181981
|d 2183911
|